000 00470nam a2200181Ia 4500
008 230917s9999||||xx |||||||||||||| ||und||
020 _cRS889
040 _e243017
_aMAIN
041 _aEnglish
082 _a005.1 S55S(10)
100 _aSommerville, Ian
245 0 _aSoftware engineering
250 _a10th ed.
260 _aNoida
_bPearson India Education
_c2017
300 _a808 p.
500 _a2907 03/11/2017 HBD17/7077 07/11/2017 Main Budget
942 _cBK
999 _c24365
_d24365